000 00525nam a2200193Ia 4500
999 _c8825
_d8825
020 _a9788131607688
082 _a305.5688 LAL-P
100 _aLal, Shyam
245 0 _aPolitics of the untouchables: Congress and the Bhangis: a socio-political analysis
260 _aJaipur
_bRawat Publications
_c2016
300 _a224p
504 _aincludes index
650 _aDalits
650 _aScavengers
650 _aRagpickers
650 _aPoliical parties
650 _aAkhil Bharatiya Safai Mazdoor Congress
942 _cBK